[Event "GER-ch Net blitz qual4"]
[Site "Playchess.com INT"]
[Date "2020.03.23"]
[Round "6"]
[White "Chassard, Cedric"]
[Black "Wichert, Hans"]
[Result "0-1"]
[WhiteElo "1938"]
[BlackElo "1917"]
[PlyCount "46"]
[EventDate "2020.03.23"]
[EventType "swiss (blitz)"]
[EventRounds "9"]
[EventCountry "GER"]
[SourceTitle "CBM 195 Extra"]
[Source "ChessBase"]
[SourceDate "2020.05.31"]
[SourceVersion "1"]
[SourceVersionDate "2020.05.31"]
[SourceQuality "1"]

1. e4 c5 2. Nf3 e6 3. g3 d5 4. exd5 exd5 5. d4 Nf6 6. Bg2 Nc6 7. Rf1 Bg4 8. Be3 cxd4 9. Bxd4 Bd6 10. h3 Bh5 11. Bxf6 Qxf6 12. Nc3 0-0 13. Qxd5 Rfe8+ 14. Ne2 Bg6 15. Qb5 Nb4 16. 0-0-0 Nxc2 17. Nc3 Rac8 18. Qxb7 Rxc3 19. bxc3 Qxc3 20. Qb3 Ba3+ 21. Kb1 Nb4+ 22. Rd3 Bxd3+ 23. Qc2 Qb2# 0-1

[Event "GER-ch Net blitz qual4"]
[Site "Playchess.com INT"]
[Date "2020.03.23"]
[Round "2"]
[White "Wichert, Hans"]
[Black "Cofman, Veaceslav"]
[Result "0-1"]
[WhiteElo "1917"]
[BlackElo "2272"]
[PlyCount "72"]
[EventDate "2020.03.23"]
[EventType "swiss (blitz)"]
[EventRounds "9"]
[EventCountry "GER"]
[SourceTitle "CBM 195 Extra"]
[Source "ChessBase"]
[SourceDate "2020.05.31"]
[SourceVersion "1"]
[SourceVersionDate "2020.05.31"]
[SourceQuality "1"]

1. d4 Nf6 2. c4 c5 3. d5 e6 4. Nc3 exd5 5. cxd5 Bd6 6. g3 0-0 7. Bg2 Re8 8. Nf3 a6 9. a4 Bc7 10. d6 Ba5 11. 0-0 Nc6 12. Bf4 h6 13. Rc1 b6 14. Re1 Bb7 15. e4 Bxc3 16. bxc3 Rxe4 17. Ne5 Rxe1+ 18. Qxe1 Nxe5 19. Bxb7 Rb8 20. Bg2 Nd3 21. Qd1 Nxc1 22. Qxc1 Qe8 23. Qf1 b5 24. a5 b4 25. cxb4 cxb4 26. Qb1 b3 27. Bf1 b2 28. Bxa6 Qd8 29. Bd2 Ne4 30. Be1 Qf6 31. Bd3 Nc3 32. Bxc3 Qxc3 33. a6 Qc1+ 34. Kg2 Qxb1 35. Bxb1 Ra8 36. Bd3 Rxa6 0-1

[Event "GER-ch Net blitz qual2"]
[Site "Playchess.com INT"]
[Date "2020.03.16"]
[Round "7"]
[White "Wichert, Hans"]
[Black "Sundui, Chinguun"]
[Result "1-0"]
[WhiteElo "2023"]
[BlackElo "1620"]
[PlyCount "101"]
[EventDate "2020.03.16"]
[EventType "swiss (blitz)"]
[EventRounds "9"]
[EventCountry "GER"]
[SourceTitle "CBM 195 Extra"]
[Source "ChessBase"]
[SourceDate "2020.05.31"]
[SourceVersion "1"]
[SourceVersionDate "2020.05.31"]
[SourceQuality "1"]

1. d4 Nf6 2. c4 e6 3. g3 d5 4. Nf3 c6 5. Bg2 Bd6 6. 0-0 0-0 7. Nc3 Nbd7 8. Nd2 b6 9. e4 dxe4 10. Ndxe4 Nxe4 11. Nxe4 Bc7 12. Bg5 Qe8 13. c5 Bb7 14. b4 b5 15. a4 a6 16. Qd2 f6 17. Bf4 e5 18. Be3 Qe6 19. Ra3 Kh8 20. Rfa1 exd4 21. Bxd4 Ne5 22. R3a2 Nc4 23. Qc2 Rad8 24. Bc3 Be5 25. Bxe5 Qxe5 26. Bf1 Rfe8 27. Bxc4 Qxe4 28. Qxe4 Rxe4 29. Bf1 Rxb4 30. Re2 Rbd4 31. Re7 R4d7 32. Rae1 h6 33. Bh3 Rxe7 34. Rxe7 Bc8 35. Bf1 Rd7 36. Re8+ Kh7 37. Rxc8 bxa4 38. Rxc6 a3 39. Rxa6 Rd5 40. c6 Rc5 41. Bd3+ Kg8 42. Kg2 Rc3 43. Bg6 Kf8 44. Ra8+ Ke7 45. Ra6 Kd6 46. Be8 Kc7 47. Bd7 Rd3 48. h4 Rd6 49. Ra7+ Kb6 50. Rxa3 Rxc6 51. Bxc6 1-0